[Event "FRA-chT"]
[Site "?"]
[Date "1992.??.??"]
[Round "?"]
[White "Bersoult, Francois"]
[Black "Ebalard, Marc"]
[Result "0-1"]
[WhiteElo "2210"]
[BlackElo "2255"]

1.e4 g6 2.d4 Bg7 3.Nc3 c6 4.Bc4 Nh6 5.Qf3 O-O 6.h3 b5 7.Bb3 b4 8.Na4 Kh8
9.Ne2 f5 10.e5 d5 11.Nc5 Na6 12.Nd3 f4 13.a3 Qb6 14.Nxb4 Nxb4 15.axb4 Nf5
16.Qc3 Nh4 17.g3 fxg3 18.fxg3 Ng2+ 19.Kd1 Bf5 20.Qc5 Be4 21.Rg1 Qb7 22.Bg5 Rf2
23.Nf4 Ne3+ 24.Ke1 Rh2 25.Rc1 Rf8 26.Qc3 Rxf4 27.Bxf4 Ng2+ 28.Rxg2 Rxg2 29.Qc5 Qd7
30.g4 h5 31.Ba4 hxg4 32.Qc3 Qf5 33.Qe3 gxh3 34.c4 h2 35.Bxh2 Rxh2 36.cxd5 Bh6  0-1

[Event "FRA-chT"]
[Site "?"]
[Date "1992.??.??"]
[Round "?"]
[White "Kosten, Anthony C"]
[Black "Petit, Eric"]
[Result "1-0"]
[WhiteElo "2530"]
[BlackElo "2210"]

1.e4 g6 2.d4 Bg7 3.Nc3 c6 4.Bc4 d5 5.exd5 cxd5 6.Nxd5 e6 7.Qe2 Bxd4 8.Bf4 Bb6
9.O-O-O Nd7 10.Nf3 Kf8 11.Nxb6 Qxb6 12.Rd6 Qc5 13.Rhd1 Qf5 14.Qd3 Ndf6 15.Rd8+ Kg7
16.Be5  1-0

[Event "NRW-Liga I 9192"]
[Site "Germany"]
[Date "1992.??.??"]
[Round "?"]
[White "Wehmeier, Stefan"]
[Black "Wessendorf, Thomas"]
[Result "1-0"]
[WhiteElo "2315"]
[BlackElo "2285"]

1.e4 g6 2.d4 Bg7 3.Nc3 c6 4.Bc4 d6 5.a4 Nf6 6.Qe2 d5 7.exd5 cxd5 8.Bb5+ Nc6
9.Nf3 O-O 10.O-O Bg4 11.Bxc6 bxc6 12.h3 Bf5 13.Ne5 Rc8 14.g4 Be6 15.Be3 Nd7
16.Nd3 c5 17.Nxc5 Nxc5 18.dxc5 d4 19.Rfd1 Rxc5 20.Qd2 Qa8 21.Bxd4 Bxd4 22.Qxd4 Rc4
23.Qe3 Rfc8 24.Rd4 Qb7 25.Rxc4 Rxc4 26.b3 Rb4 27.Rd1 Qc8 28.Rd2 Rb7 29.Nb5 a6
30.Nd4 Bd7 31.Qxe7 Bxg4 32.Nc6 Rd7 33.Qf6 Qe8 34.Rxd7 Bxd7 35.Ne7+ Kf8 36.Nd5 Kg8
37.Qc3 Qe6 38.Nf6+ Kf8 39.Nxh7+ Ke7 40.Qc5+ Kd8 41.Ng5 Qf6 42.c3 Qf4 43.Qe5 Qc1+
44.Kh2 f5 45.Nf7+ Kc8 46.Qc5+ Kb8 47.Qb6+ Ka8 48.Qxa6+ Kb8 49.Qb6+ Ka8 50.Qd8+  1-0

[Event "BL2-W9192"]
[Site "Germany"]
[Date "1992.??.??"]
[Round "?"]
[White "Matthaei, Alexander"]
[Black "Schnaebele, Uwe"]
[Result "1/2-1/2"]
[WhiteElo "2290"]
[BlackElo "2250"]

1.e4 g6 2.d4 Bg7 3.Nc3 c6 4.Bc4 d6 5.f4 b5 6.Bb3 e6 7.Nge2 Ne7 8.O-O d5 9.e5 Nd7
10.g4 h5 11.h3 a5 12.a3 hxg4 13.hxg4 Qb6 14.Kg2 Bb7 15.Nb1 O-O-O 16.Qe1 c5
17.c3 g5 18.fxg5 Nxe5 19.Qg3 cxd4 20.cxd4 N5g6 21.Be3 Be5 22.Rc1+ Kd7 23.dxe5 d4+
24.Kf1 dxe3 25.Rd1+ Ke8 26.Rxd8+ Kxd8 27.Nbc3 Rh1+ 28.Ng1 Nh4 29.Rd1+ Ke8
30.Ke2 Neg6 31.Bc2 b4 32.axb4 Qxb4 33.Kxe3 Qc5+ 34.Ke2 Nxe5 35.Ba4+ Ke7 36.Qf4 Ba6+
37.Kd2 Nhg6 38.Qf6+ Kf8 39.Qd8+ Kg7 40.Qf6+ Kh7 41.Nge2 Rh3 42.Rf1 Bxe2 43.Kxe2 Qe3+
44.Kd1 Qd3+ 45.Kc1 Rh2 46.Rd1 Qe3+ 47.Kb1 Qb6 48.Bc2 Rf2 49.Qxe5 Rxc2 50.Rh1+ Kg8
51.Rh8+ Nxh8 52.Kxc2 Ng6 53.Qe2 Qc5 54.Qd2 Kg7 55.Qd8 Ne7 56.Kb1 Qxg5 57.Ne4 Qg6
58.Qd4+ Kh7 59.Ka1 Nd5 60.g5 Qf5 61.Nf6+ Nxf6 62.Qh4+ Nh5 63.Qxh5+ Kg7 64.Qh6+ Kg8
65.Qh4 Qd5 66.Qf4 e5 67.Qf6 e4 68.g6 fxg6 69.Qxg6+ Kf8 70.Qf6+ Ke8 71.Qb6 Ke7
72.Kb1 Qd1+ 73.Ka2 Qa4+ 74.Kb1 Qb4 75.Qe3 Kd6 76.Qg3+ Kd5 77.Qg8+ Kd4 78.Qd8+ Ke3
79.Qg5+ Kd3 80.Qd5+ Ke2 81.Qh5+ Kd2 82.Qh2+ Kd3 83.Qc2+ Ke3 84.Qg2 Qe1+ 85.Ka2 Kd3
86.Qg6 Qb4 87.Qf5 Qc4+ 88.Kb1 Qc2+ 89.Ka2 a4 90.Qd5+ Ke3 91.Qg5+ Kd4 92.Qd8+ Kc4
93.Qg8+ Kd3 94.Qd5+ Ke2 95.Qh5+ Ke1 96.Qh4+ Kd2 97.Qh2+ Kc1 98.Qh6+ Kd1 99.Qh1+ Kd2
100.Qh2+ Kc1 101.Qh6+ Kd1 102.Qh1+ Kd2 103.Qh2+ Kd3 104.Qd6+ Ke3 105.Qg3+ Kd4
106.Qd6+ Kc4 107.Qc6+ Kd3  1/2-1/2

[Event "BL2-W9192"]
[Site "Germany"]
[Date "1992.??.??"]
[Round "?"]
[White "Haubt, Georg"]
[Black "Doering, Thomas"]
[Result "1-0"]
[WhiteElo "2285"]
[BlackElo "2325"]

1.d4 g6 2.e4 Bg7 3.Nc3 c6 4.Be2 d5 5.e5 h5 6.h3 Nh6 7.g4 hxg4 8.hxg4 Na6
9.Nh3 Be6 10.Nf4 Nc7 11.f3 Qd7 12.Na4 b6 13.c3 Ng8 14.Rxh8 Bxh8 15.Be3 g5
16.Nh5 f6 17.exf6 exf6 18.Qc2 O-O-O 19.O-O-O Re8 20.Bf2 f5 21.gxf5 Bxf5 22.Bd3 Rf8
23.Rg1 Bxd3 24.Qxd3 c5 25.b3 c4 26.Qg6 cxb3 27.axb3 Ne7 28.Qxg5 Rxf3 29.Bh4 Rf7
30.Qh6 Qe8 31.Re1 Kd7 32.Bf6 Bxf6 33.Nxf6+ Rxf6 34.Qxf6  1-0

[Event "GER-chTJ"]
[Site "Germany"]
[Date "1992.??.??"]
[Round "3"]
[White "Souleidis, Georgios"]
[Black "Sperlich, Olaf"]
[Result "1-0"]
[WhiteElo "2310"]
[BlackElo "2245"]

1.d4 g6 2.e4 Bg7 3.Nc3 c6 4.Nf3 d5 5.h3 Nh6 6.Bf4 f6 7.exd5 cxd5 8.Nb5 Na6
9.c4 Nf7 10.Nc3 e5 11.Bg3 e4 12.Nd2 O-O 13.cxd5 f5 14.Nc4 Nb4 15.Ne5 Nd6
16.a3 f4 17.Bh2 Na6 18.Be2 Qg5 19.Bg4 h5 20.Bxc8 Raxc8 21.Qe2 Bxe5 22.dxe5 Qxe5
23.O-O Qf5 24.Rfe1 Rce8 25.b4 Nc7 26.Rad1 Qf6 27.Qc2 Qg5 28.Nxe4 Nxe4 29.Rxe4 f3
30.Bg3  1-0

[Event "Goch op"]
[Site "Goch"]
[Date "1992.??.??"]
[Round "2"]
[White "Treppner, Gerd"]
[Black "Breuers, F."]
[Result "1-0"]
[WhiteElo "2320"]
[BlackElo "1950"]

1.d4 g6 2.e4 Bg7 3.Nc3 c6 4.Bc4 d6 5.Qf3 e6 6.Nge2 Qe7 7.Bb3 Nd7 8.O-O Ngf6
9.Bg5 e5 10.Rad1 h6 11.Bh4 exd4 12.Nxd4 Ne5 13.Qe2 g5 14.Bg3 Bg4 15.f3 Bd7
16.f4 gxf4 17.Rxf4 O-O-O 18.Nf5 Bxf5 19.Rxf5 Nfd7 20.Qf2 Ng4 21.Qxa7 Be5
22.Rxf7 Qg5 23.Bxe5 Qxe5 24.g3 h5 25.Qd4 Qg5 26.Be6 Rhe8 27.Bxd7+ Rxd7 28.Rxd7 Nxh2
29.Kxh2 h4 30.Qxd6 hxg3+ 31.Kg2  1-0

[Event "Graz"]
[Site "Graz"]
[Date "1992.??.??"]
[Round "1"]
[White "Felsberger, Alfred"]
[Black "Fahrner, Kurt"]
[Result "1-0"]
[WhiteElo "2315"]
[BlackElo "2235"]

1.e4 g6 2.d4 Bg7 3.Nc3 c6 4.Nf3 d5 5.h3 Nh6 6.Bd3 O-O 7.O-O a5 8.Re1 Na6
9.Bg5 f6 10.Bf4 Nf7 11.exd5 cxd5 12.a3 Re8 13.Bb5 Bd7 14.Bxa6 Rxa6 15.Nxd5 e5
16.dxe5 fxe5 17.Bg3 Rd6 18.c4 Bc6 19.a4 Bxd5 20.cxd5 Rxd5 21.Qb3 e4 22.Qc4 b6
23.Rxe4 Rxe4 24.Qxe4 Bxb2 25.Ra2 Bf6 26.Rc2 Rc5 27.Rd2 Qe7 28.Qd3 Kg7 29.Re2 Qd8
30.Qb1 Rc4 31.Re6 Rxa4 32.Qxb6 Qxb6 33.Rxb6 g5 34.Rb7 Kg6 35.Rb6 Re4 36.Ra6 a4
37.h4 g4 38.h5+ Kg7 39.Nh4 Bxh4 40.Bxh4 Ne5 41.Bf6+ Kf7 42.Bxe5 Rxe5 43.Rxa4 Rg5
44.Kh2 Rxh5+ 45.Kg3 Rb5 46.Rxg4 Kf6 47.Rg8 Rb2 48.f3 Rb4 49.Kh3 Ra4 50.g3 Rb4
51.f4 Ra4 52.Kh4 Ra1 53.Kh5 Ra5+ 54.Kg4 Rb5 55.Kh4 Rb1 56.Kh5 Rb5+ 57.Kh6 Rb1
58.Rf8+ Ke7 59.Rf5 Rg1 60.Rg5 Rh1+ 61.Kg7 h6 62.Re5+ Kd6 63.Re3 h5 64.f5 h4
65.f6  1-0

[Event "Graz"]
[Site "Graz"]
[Date "1992.??.??"]
[Round "2"]
[White "Horvath, Tamas"]
[Black "Fahrner, Kurt"]
[Result "1-0"]
[WhiteElo "2425"]
[BlackElo "2235"]

1.e4 g6 2.d4 Bg7 3.Nc3 c6 4.Nf3 d5 5.Bf4 Bg4 6.exd5 cxd5 7.Nb5 Na6 8.Bd3 Nf6
9.h3 Bxf3 10.Qxf3 O-O 11.c3 Ne8 12.O-O e6 13.Qg3 Bf6 14.Rae1 Nb8 15.Bc7 Qc8
16.Nd6 Nxd6 17.Bxd6 Rd8 18.Re2 Nc6 19.Bf4 Qd7 20.h4 Be7 21.Bg5 Qd6 22.f4 Re8
23.Rfe1 Bf8 24.h5 h6 25.hxg6 hxg5 26.gxf7+ Kxf7 27.Qxg5 Bg7 28.Bg6+ Kg8 29.Bxe8 Rxe8
30.Qg6 Rf8 31.g3 Rf6 32.Qe8+ Qf8 33.Rxe6 Qxe8 34.Rxe8+ Kf7 35.Rc8 b5 36.Rc7+ Kg6
37.Re8 Bf8 38.Rxf8  1-0

[Event "Graz-ch"]
[Site "Graz"]
[Date "1992.??.??"]
[Round "2"]
[White "Benedikt, Alexander"]
[Black "Fahrner, Kurt"]
[Result "1-0"]
[WhiteElo "2065"]
[BlackElo "2285"]

1.d4 g6 2.e4 Bg7 3.Nc3 c6 4.Nf3 d5 5.h3 dxe4 6.Nxe4 Nd7 7.Bd3 Ngf6 8.O-O Qc7
9.Bg5 O-O 10.Qd2 Nxe4 11.Bxe4 e5 12.c3 exd4 13.cxd4 Nf6 14.Bd3 Be6 15.Rfe1 Rfe8
16.Bf4 Qb6 17.Be5 Bd5 18.Nh2 Re6 19.b3 a5 20.Bc4 Qb4 21.Qc2 Rae8 22.Red1 b5
23.Bxd5 Nxd5 24.Bxg7 Kxg7 25.Nf3 Qc3 26.Rac1 Qxc2 27.Rxc2 Nb4 28.Rcd2 Rd8
29.a3 Nd5 30.Rc1 f6 31.Rc5 Nb6 32.Rdc2 Rdd6 33.a4 Nd7 34.R5c3 Kf7 35.axb5 cxb5
36.Rc7 Rd5 37.Ra7 b4 38.Rcc7 Red6 39.Rc8 Ke6 40.Re8+ Kf5 41.g4+ Kf4 42.Kg2 h5
43.Ng1 hxg4 44.Ne2+ Kg5 45.hxg4 Kxg4 46.Re4+ Kg5 47.f4+ Kh6 48.Re7 f5 49.Ra8 g5
50.Rh8+ Kg6 51.Rg8+ Kh6 52.fxg5+ Kh5 53.Kh3 Rg6 54.Nf4+ Kxg5 55.Nxg6 Nf6
56.Rf8 Rxd4 57.Re6 Rd3+ 58.Kg2 Nh5 59.Kf2 Rxb3 60.Ne7 Nf4 61.Rxf5+ Kg4 62.Re4 Rf3+
63.Ke1 Kg3 64.Rg5+ Kh3 65.Rxa5 b3 66.Kd2 Rf2+ 67.Ke3 b2 68.Rb5 Rf1 69.Rxb2 Ng2+
70.Ke2 Re1+ 71.Kd3 Rd1+ 72.Rd2 Ra1 73.Nd5 Ra3+ 74.Ke2 Kh2 75.Ne3  1-0

[Event "Graz"]
[Site "Graz"]
[Date "1992.??.??"]
[Round "8"]
[White "Rogulj, Branko"]
[Black "Fahrner, Kurt"]
[Result "0-1"]
[WhiteElo "2445"]
[BlackElo "2235"]

1.e4 g6 2.d4 Bg7 3.Nc3 c6 4.Nf3 d5 5.h3 Nh6 6.exd5 cxd5 7.Bf4 O-O 8.Nb5 Nc6
9.Qd2 Nf5 10.g4 a6 11.gxf5 axb5 12.fxg6 fxg6 13.Bg2 Bf5 14.Ne5 Bxc2 15.Nxc6 bxc6
16.Qxc2 Rxf4 17.Qxc6 Qa5+ 18.Ke2 Raf8 19.Bxd5+ Kh8 20.f3 Rxd4 21.Rad1 Qb4
22.Qc2 Rd8 23.Rxd4 Bxd4 24.Be4 Qd6 25.Kf1 Qg3 26.Qh2 Qg5 27.h4 Qf6 28.Qd2 Bb6
29.Qc3 e5 30.Qc1 Rd4 31.Kg2 Qd6 32.Kg3 Rd2 33.Rh2 Rd1 34.Qc6 Be3 35.Qxd6 Bf4+
36.Kh3 Rxd6 37.Rc2 Rd1 38.Kg2 Kg7 39.h5 gxh5 40.Rc7+ Kf6 41.Rxh7 Rd2+ 42.Kf1 Rxb2
43.Rxh5 Rxa2 44.Rh7 Ke6 45.Rb7 Rb2 46.Rb6+ Ke7 47.Bf5 b4 48.Ke1 Kd8 49.Rb7 b3
50.Kf1 Be3 51.Be6 Rf2+ 52.Ke1 b2 53.Bd5 Kc8 54.Be4 Bd4 55.Kd1 Bc3 56.Rb3 Rd2+
57.Ke1 Rc2+ 58.Kf1 Rc1+ 59.Ke2 Kc7 60.Rb5 Re1+ 61.Kf2 Rc1 62.Ke2 Kd6 63.Kf2 Ke7
64.Ke2 Kf6 65.Rb7 Rh1 66.Rb6+ Ke7 67.Rb3 Rc1 68.Rb7+ Kd6 69.Rb5 Rh1 70.Rd5+ Ke6
71.Rb5 Rh2+ 72.Kd3 Bd4 73.Rb8 Rf2 74.Kc4 Kf6 75.Kd3 Kg5 76.Rg8+ Kh4 77.Rh8+ Kg3
78.Rh1 Rg2 79.Rf1 Kf4 80.Rh1 Bg1 81.Kc3 Kg3 82.Kb3 Bd4 83.Kc4 Rd2 84.Rf1 Kf4
85.Re1 Rg2 86.Kd3 Rg8 87.Kc2 Rc8+ 88.Kb1 Rc7 89.Bd3 Ra7 90.Kc2 Ra5 91.Be4 Rc5+
92.Kb1 Rb5 93.Kc2 Be3 94.Bd3 Rb6 95.Be4 Bc1  0-1

[Event "Hafnarfirdi"]
[Site "Hafnarfirdi"]
[Date "1992.??.??"]
[Round "6"]
[White "Howell, James C"]
[Black "Petursson, Margeir"]
[Result "1/2-1/2"]
[WhiteElo "2465"]
[BlackElo "2555"]

1.e4 g6 2.d4 Bg7 3.Nc3 c6 4.Bc4 d6 5.Bb3 Nf6 6.Nf3 O-O 7.O-O Bg4 8.h3 Bxf3
9.Qxf3 Nfd7 10.Be3 Qa5 11.Ne2 c5 12.c3 Nc6 13.Rfd1 Qb5 14.Nf4 cxd4 15.cxd4 Nb6
16.Qe2 Qxe2 17.Nxe2 Na5 18.Rdc1 Rfc8 19.Rxc8+ Rxc8 20.Bd1 d5 21.e5 Nbc4 22.Bc1 Nc6
23.b3 Nb6 24.f4 e6 25.Ba3 Bf8 26.Bxf8 Kxf8 27.Rc1 Ke7 28.Kf2 h5 29.g3 Kd7
30.Ke3 a6 31.Bc2 Na8 32.Bd3 Nc7 33.Nc3 b5 34.Ne2 b4 35.Rc2 a5 36.Ng1 Ra8
37.Nf3 a4 38.Nd2 a3 39.Nf3 Na5 40.Rc1 Nc6 41.Ng5 Nd8 42.g4 h4 43.Bf1 Rb8
44.Nf3 Nc6 45.Nxh4 Na7 46.Nf3 Ncb5 47.Bxb5+ Nxb5 48.Ng1 Nc3 49.Rc2 Rh8 50.Kd3 Ne4
51.Ke3 Nc3 52.Kd3 Ne4 53.Ke3 g5 54.fxg5 Nxg5 55.Rh2 Rc8 56.h4 Ne4 57.h5 Ke7
58.Nf3 Kf8 59.h6 Kg8 60.Kf4 Rc1 61.h7+ Kh8 62.g5 Rb1 63.Rh6 Ra1 64.Rh2 Rb1
65.Rh6 Ra1 66.Rh2  1/2-1/2

[Event "Helsinki op"]
[Site "Helsinki"]
[Date "1992.??.??"]
[Round "9"]
[White "Holmsten, Aleksei"]
[Black "Matveeva, Svetlana"]
[Result "1/2-1/2"]
[WhiteElo "2205"]
[BlackElo "2435"]

1.e4 g6 2.d4 Bg7 3.Nc3 c6 4.f4 d5 5.e5 Nh6 6.Nf3 f6 7.Bd3 Bg4 8.O-O O-O 9.h3 Bxf3
10.Rxf3 fxe5 11.fxe5 e6 12.Rxf8+ Qxf8 13.Bxh6 Bxh6 14.Qg4 Qe7 15.Ne2 c5 16.c3 Nd7
17.Rf1 cxd4 18.cxd4 Rf8 19.Rxf8+ Nxf8 20.h4 Qb4 21.b3 Qd2 22.Bb5 Be3+ 23.Kh2 h5
24.Qf3 Bxd4 25.Qf6 Bc5 26.Be8 Qxe2 27.Qf7+ Kh8 28.Qf6+ Kh7 29.Qf7+ Kh6 30.Qf4+ Kh7
31.Qf7+ Kh6 32.Qf4+ Kh7 33.Qf7+ Kh6 34.Qf4+  1/2-1/2

[Event "Karvina op"]
[Site "Karvina"]
[Date "1992.??.??"]
[Round "6"]
[White "Zhelnin, Vladimir V"]
[Black "Maciejewski, Andrzej"]
[Result "1-0"]
[WhiteElo "2435"]
[BlackElo "2365"]

1.e4 g6 2.d4 c6 3.Nc3 Bg7 4.Nf3 b5 5.Be2 d6 6.O-O Qc7 7.e5 dxe5 8.Nxe5 b4
9.Ne4 Nd7 10.Nxd7 Bxd7 11.a3 bxa3 12.Rxa3 Nf6 13.Nxf6+ Bxf6 14.Bh6 g5 15.Qd2 Rg8
16.Rg3 Qd6 17.Rd1 g4 18.Bf4 Qd5 19.c4 Qh5 20.Qb4 Qf5 21.Bb8 Bh4 22.Qb7 Bxg3
23.hxg3 Rxb8 24.Qxb8+ Bc8 25.c5 Kf8 26.Qxa7 Qc2 27.Re1 Qd2 28.Qa1 Qxd4 29.Qa8 Qd2
30.Qxc8+ Kg7 31.Qxg4+  1-0

[Event "Katowice op"]
[Site "Katowice"]
[Date "1992.??.??"]
[Round "1"]
[White "Sorokin, Maxim"]
[Black "Poley, Vladimir"]
[Result "1/2-1/2"]
[WhiteElo "2570"]
[BlackElo "2290"]

1.d4 g6 2.e4 Bg7 3.Nc3 c6 4.Bc4 d5 5.exd5 b5 6.Bb3 b4 7.Nce2 cxd5 8.Bd2 Na6
9.a3 bxa3 10.Rxa3 Nc7 11.Ba5 e6 12.Qd2 Bd7 13.Nf3 Ne7 14.Ne5 O-O 15.h4 Be8
16.h5 f6 17.Ng4 gxh5 18.Nh6+ Kh8 19.Ng3 Nc6 20.Nxh5 Bxh5 21.Rxh5 Nxa5 22.Rxa5 f5
23.g4 Qe8 24.Rh4 Qg6 25.g5 a6 26.f4 Nb5 27.c3 Nd6 28.Qh2 Ne4 29.Bd1 Nxg5
30.fxg5 Qxg5 31.Rh5 Qe3+ 32.Be2 Rf6 33.Nxf5 Rxf5 34.Rxf5 exf5 35.Rxa6 Re8
36.Kd1 f4 37.Qh5 Qe4 38.Kd2 Rb8 39.Bd3 Qg2+ 40.Kd1 Qg1+ 41.Kc2 Qg2+ 42.Be2 Qe4+
43.Bd3 Qg2+ 44.Kc1 Qg1+ 45.Kc2  1/2-1/2

[Event "Katowice op"]
[Site "Katowice"]
[Date "1992.??.??"]
[Round "5"]
[White "Korneev, Oleg"]
[Black "Maciejewski, Andrzej"]
[Result "1-0"]
[WhiteElo "2465"]
[BlackElo "2350"]

1.e4 g6 2.d4 c6 3.Nc3 Bg7 4.f4 d5 5.e5 h5 6.Nf3 Bg4 7.Be3 Nh6 8.h3 Nf5 9.Bf2 Bxf3
10.Qxf3 h4 11.Bd3 e6 12.O-O Bf8 13.Ne2 a5 14.b3 Na6 15.c4 Ba3 16.Rad1 Bb4
17.Bb1 Nc7 18.c5 Nb5 19.a4 Nc7 20.Rc1 Na6 21.Bd3 Kf8 22.Kh2 b6 23.Bxf5 gxf5
24.g4 hxg3+ 25.Qxg3 bxc5 26.Rg1 Ke8 27.Qg7 Rf8 28.dxc5 Qe7 29.Nd4 Rc8 30.Qh7 Bd2
31.Bh4 Bxf4+ 32.Kh1 Qb7 33.Rg8 Kd7 34.Rg7 Ke8 35.Rg8 Kd7 36.Qg7 Bxe5 37.Qxe5 Rxg8
38.Qd6+ Ke8 39.Nxe6 fxe6 40.Qxe6+ Kf8 41.Qxf5+ Qf7 42.Qxc8+  1-0

[Event "Ladenburg BM"]
[Site "Ladenburg"]
[Date "1992.??.??"]
[Round "9"]
[White "Pfrommer, Christoph"]
[Black "Kurz, Eugen"]
[Result "1-0"]
[WhiteElo "2310"]
[BlackElo "2330"]

1.e4 g6 2.d4 Bg7 3.Nc3 c6 4.Nf3 d5 5.h3 dxe4 6.Nxe4 Nf6 7.Nxf6+ exf6 8.Bc4 O-O
9.O-O Be6 10.Bxe6 fxe6 11.Re1 Re8 12.c4 Nd7 13.b3 Qc7 14.Bb2 Rad8 15.Qc2 Qd6
16.Rad1 Kf7 17.Nd2 c5 18.Ne4 Qc7 19.Qe2 Kg8 20.dxc5 e5 21.Nd6 Re6 22.b4 a5
23.Nb5 Qb8 24.a3 Bf8 25.Rd5 axb4 26.axb4 Be7 27.Nd4 Ra6 28.b5 Ra2 29.Ne6 Nb6
30.Rxd8+ Bxd8 31.cxb6 Bxb6 32.c5 Qe8 33.Qc4 Rxb2 34.Nc7+ Qf7 35.Qxf7+ Kxf7
36.cxb6 Ke7 37.Ra1 f5 38.f3 Kd6 39.Ra7 e4 40.fxe4 fxe4 41.Rxb7 Ke5 42.Rb8 Kf4
43.Kh2  1-0

[Event "Ladenburg BM"]
[Site "Ladenburg"]
[Date "1992.??.??"]
[Round "10"]
[White "Beikert, Guenther"]
[Black "Schmaltz, Roland"]
[Result "1/2-1/2"]
[WhiteElo "2350"]
[BlackElo "2310"]

1.e4 g6 2.d4 Bg7 3.Nc3 c6 4.Bc4 d6 5.Qf3 e6 6.Nge2 Nd7 7.O-O Ngf6 8.Bb3 O-O
9.Bg5 e5 10.Rad1 Qe7 11.Qe3 Re8 12.f4 exd4 13.Qxd4 Nxe4 14.Bxe7 Bxd4+ 15.Rxd4 Nxc3
16.Nxc3 Rxe7 17.Rxd6 Nb6 18.h3 Kg7 19.Rfd1  1/2-1/2

[Event "Leeuwarden op"]
[Site "Leeuwarden"]
[Date "1992.??.??"]
[Round "3"]
[White "Van der Wiel, John TH"]
[Black "Siebrecht, Sebastian"]
[Result "1/2-1/2"]
[WhiteElo "2545"]
[BlackElo "2310"]

1.e4 g6 2.d4 Bg7 3.Nc3 c6 4.f4 d5 5.e5 Nh6 6.Be2 Na6 7.Be3 Nc7 8.g4 f6 9.h3 Nf7
10.Nf3 Be6 11.Qd3 c5 12.exf6 c4 13.fxe7 Qxe7 14.Qd2 b5 15.Nd1 O-O 16.Nf2 a5
17.O-O Nd6 18.Ng5 Nce8 19.Bf3 Nf6 20.Rae1 Bc8 21.Nh1 h6 22.Bf2 Qa7 23.Ne6 Bxe6
24.Rxe6 Nfe4 25.Bxe4 Nxe4 26.Qe3 Nxf2 27.Nxf2 Qxd4 28.Qxd4 Bxd4 29.Rxg6+ Kh7
30.f5 Bxb2 31.Rb1 c3 32.Nd3 b4 33.Nxb2 cxb2 34.Rxb2 Rfc8 35.a3 Rc3 36.axb4 a4
37.b5 a3 38.Ra2 Rxh3 39.Kg2 Rc3 40.Rc6 Rxc6 41.bxc6 Kg7 42.Kg3 Kf6 43.Kh4 h5
44.c7 hxg4 45.Rxa3 Rc8 46.Kxg4 Rxc7 47.Ra6+ Kf7 48.Kg5 Rxc2 49.Ra7+ Ke8 50.Kf6 d4
51.Re7+ Kf8 52.Rd7 Rc6+ 53.Kg5 d3 54.Rxd3 Kf7 55.Rd7+ Kf8 56.Rh7 Ra6 57.Rh6 Rxh6
58.Kxh6 Kf7 59.Kg5  1/2-1/2

[Event "Linares NL"]
[Site "Linares"]
[Date "1992.??.??"]
[Round "?"]
[White "Garmendez Gonzalez, Carlos"]
[Black "Ivanov, Alexander"]
[Result "0-1"]
[WhiteElo "2240"]
[BlackElo "2545"]

1.e4 g6 2.d4 Bg7 3.Nc3 c6 4.Nf3 d6 5.h3 b5 6.Be3 b4 7.Na4 Qa5 8.b3 Nf6 9.Bd3 Ba6
10.Qd2 Bxd3 11.cxd3 Qb5 12.O-O O-O 13.Rac1 Nbd7 14.Rc4 a5 15.Rfc1 d5 16.exd5 Nxd5
17.Bh6 Rfc8 18.Bxg7 Kxg7 19.Ne5 Nb8 20.Rc5 Qb7 21.Qc2 Nd7 22.Rxc6 Nc3 23.Rc4 Nb6
24.Nxb6 Qxb6 25.Nd7 Qa7 26.Nc5 Rd8 27.a3 Nb5 28.axb4 Na3 29.Qe2 Nxc4 30.Rxc4 axb4
31.Rxb4 Qc7 32.g3 Ra1+ 33.Kg2 Qc6+ 34.Qe4 Qf6 35.Rc4 Ra2 36.Qf3 Rb2 37.Qe3 Ra8
38.d5 Raa2 39.Rf4 Qd6 40.Qd4+ e5 41.Ne4 Qb8 42.Qc5 Rc2 43.Qe7 exf4 44.Qf6+ Kg8
45.Qd4  0-1

[Event "Linares NL"]
[Site "Linares"]
[Date "1992.??.??"]
[Round "?"]
[White "Martin del Campo, Roberto"]
[Black "Ivanov, Alexander"]
[Result "0-1"]
[WhiteElo "2425"]
[BlackElo "2545"]

1.e4 g6 2.d4 Bg7 3.Nc3 c6 4.Nf3 d6 5.a4 Bg4 6.Be2 Nf6 7.O-O d5 8.e5 Nfd7
9.Ng5 Bxe2 10.Qxe2 e6 11.Qg4 Qe7 12.b3 Na6 13.Ba3 Nb4 14.a5 c5 15.Nb5 O-O
16.Bxb4 cxb4 17.a6 bxa6 18.Rxa6 Nb8 19.Ra2 Nc6 20.h4 Rab8 21.Nd6 Nxd4 22.Qxd4 Qxd6
23.Nf3 Qb6 24.Rxa7 Rfc8 25.Re1 Rxc2 26.Qxb6 Rxb6 27.Ng5 Rc3 28.Nxf7 Rxb3
29.Nd6 Ra3 30.Re7 Raa6 31.Rc1 Bf8 32.Rd7 b3 33.Rc8 b2 34.Nf7 b1=Q+ 35.Kh2 Rb8
36.Nh6+ Kh8 37.Nf7+ Kg7 38.Rcc7 Kg8 39.Ng5 Qf5 40.Nxh7 Qxe5+ 41.g3 Ra2  0-1

[Event "Lisbon-chB"]
[Site "Lisbon"]
[Date "1992.??.??"]
[Round "1"]
[White "Ribeiro, Fernando"]
[Black "Leonardo, Joao"]
[Result "0-1"]
[WhiteElo "2220"]
[BlackElo "2300"]

1.e4 g6 2.d4 Bg7 3.Nc3 c6 4.Nf3 d5 5.h3 Nh6 6.Bf4 f6 7.exd5 cxd5 8.Nb5 O-O
9.Nc7 e5 10.Bxh6 Bxh6 11.Nxa8 e4 12.Ng1 Nc6 13.c3 Be6 14.Bb5 Qxa8 15.Ne2 f5
16.O-O f4 17.f3 Qd8 18.Bxc6 bxc6 19.Kh2 Bf5 20.Ng1 Bg5 21.Qa4 Qd7 22.c4 e3
23.cxd5 cxd5 24.Qb3 Bh4 25.Rfc1 Bg3+ 26.Kh1 Bf2 27.Rc5 Be6 28.Ne2 Rd8 29.Nxf4 Qf7
30.Nd3 Bg3 31.Ne1 Qf4 32.Qd1 Qh4 33.Qe2 Bxh3 34.Qxe3 Bd7+ 35.Kg1 Re8 36.Rc8 Rxc8
37.f4 Re8 38.Qf3 Qh2+  0-1

[Event "Lisbon-chB"]
[Site "Lisbon"]
[Date "1992.??.??"]
[Round "5"]
[White "Cordovil, Joao"]
[Black "Leonardo, Joao"]
[Result "1-0"]
[WhiteElo "2300"]
[BlackElo "2300"]

1.d4 g6 2.e4 Bg7 3.Nc3 c6 4.Bc4 d5 5.exd5 b5 6.Bb3 b4 7.Ne4 cxd5 8.Nc5 Nf6
9.Bd2 a5 10.a3 bxa3 11.Rxa3 O-O 12.Ne2 Bg4 13.f3 Bd7 14.Qa1 Nc6 15.Nxd7 Qxd7
16.Ba4 Qe6 17.c3 Rfc8 18.Kf2 Qf5 19.Bf4 Nd8 20.g4 Qe6 21.Re1 Qb6 22.Nc1 Ne6
23.Be3 Qd6 24.Rh1 h5 25.h3 h4 26.Ne2 Nh7 27.Bc2 Bf6 28.Kg2 Bxd4 29.Bd2 Bb6
30.Qe1 d4 31.Be4 Rab8 32.Qxh4 dxc3 33.Bxc3 Rxc3 34.Rxc3 Qd2 35.Qe1 Qxb2 36.Rc2 Qf6
37.h4 Nc5 38.Nc3 e6 39.g5 Qe7 40.Rb2 Qd6 41.Qd2 Qc7 42.Rd1 Rd8 43.Qxd8+ Qxd8
44.Rxd8+ Bxd8 45.Rb8  1-0

[Event "Lisbon-chB"]
[Site "Lisbon"]
[Date "1992.??.??"]
[Round "9"]
[White "Silva, Fernando"]
[Black "Leonardo, Joao"]
[Result "1-0"]
[WhiteElo "2265"]
[BlackElo "2300"]

1.e4 g6 2.d4 Bg7 3.Nc3 c6 4.Bc4 d6 5.Qf3 e6 6.Nge2 Ne7 7.a4 Nd7 8.Bf4 d5
9.Bb3 O-O 10.O-O f5 11.exd5 exd5 12.Rfe1 Nf6 13.Be5 Kh8 14.Qf4 Neg8 15.Qh4 Ne4
16.Bxg7+ Kxg7 17.Qxd8 Rxd8 18.f3 Nxc3 19.Nxc3 a5 20.Ne2 Be6 21.Nf4 Bf7 22.Nd3 Re8
23.Nc5 b6 24.Nd7 Rxe1+ 25.Rxe1 b5 26.Ne5 Ne7 27.c3 Ra7 28.Nd3 Nc8 29.Nc5 Kf6
30.Bc2 Nb6 31.b3 bxa4 32.bxa4 Nd7 33.Nxd7+ Rxd7 34.Rb1 Ra7 35.Kf2 Be8 36.Ke3 Ke7
37.Kd3 Kd6 38.Rb8 Bf7 39.f4 Ke7 40.Bd1 Kd6 41.Rd8+ Ke7 42.Rh8 h5 43.Rb8 Kd6
44.g3 Kc7 45.Rf8 Kd6 46.Be2 Ke7 47.Rb8 Kd6 48.Kd2 Be6 49.c4 dxc4 50.Kc3 Re7
51.Bxc4 Bxc4 52.Kxc4 Re2 53.Rg8 Rc2+ 54.Kd3 Rxh2 55.Rxg6+ Kc7 56.Rg5 Rh3
57.Kc4 Kb6 58.d5 h4 59.gxh4 Ra3 60.dxc6 Rxa4+ 61.Kd5 Rxf4 62.Rg7 Rxh4 63.Rb7+ Ka6
64.Rb8 Rh7 65.Kd6 Rh1 66.c7 Rd1+ 67.Ke5  1-0

[Event "Ljubljana op"]
[Site "Ljubljana"]
[Date "1992.??.??"]
[Round "2"]
[White "Grosar, Kiti"]
[Black "Kanstler, Boris"]
[Result "0-1"]
[WhiteElo "2080"]
[BlackElo "2445"]

1.e4 g6 2.d4 Bg7 3.Nc3 c6 4.f4 d5 5.e5 Nh6 6.Nf3 O-O 7.Be3 Bg4 8.h3 Bxf3
9.Qxf3 f6 10.exf6 exf6 11.O-O-O f5 12.g4 Nd7 13.g5 Nf7 14.h4 Qa5 15.h5 Nd6
16.hxg6 hxg6 17.a3 Nb6 18.Bd2 Nbc4 19.Qh3 Kf7 20.Ne4 Qb6 21.Nxd6+ Nxd6 22.Bb4 Rh8
23.Qf3 Rxh1 24.Qxh1 Ne4 25.Qg1 a5 26.Be1 c5 27.c3 cxd4 28.cxd4 Qb3 29.Rd3 Qa2
30.Bc3 Rc8 31.Qg2 b5 32.Kd1 b4 33.axb4 axb4 34.Bxb4 Qa4+  0-1

[Event "Ljubljana op"]
[Site "Ljubljana"]
[Date "1992.??.??"]
[Round "6"]
[White "Rogulj, Branko"]
[Black "Magomedov, Magaram"]
[Result "1/2-1/2"]
[WhiteElo "2435"]
[BlackElo "2475"]

1.e4 g6 2.d4 Bg7 3.Nc3 c6 4.h3 d6 5.Nf3 Nf6 6.a4 O-O 7.Be3 d5 8.e5 Ne4 9.Nxe4 dxe4
10.Ng5 c5 11.c3 cxd4 12.cxd4 Qd5 13.Rc1 Nc6 14.Rc5 Qd8 15.Bc4 Rb8 16.Nxf7 Rxf7
17.Bxf7+ Kxf7 18.Qb3+ Be6 19.d5 Nxe5 20.dxe6+ Kg8 21.O-O b6 22.Rd1 Nd3 23.Rc4 Qf8
24.Rxe4 Nc5 25.Bxc5 bxc5 26.Qf3 Qxf3 27.gxf3 Bd4 28.Rd2 a5 29.Rf4 Rb6 30.Re2 Bxb2
31.Rf7 Rb7 32.Re4 Rc7 33.Rh4 c4 34.Rhxh7 Bf6 35.Rh6 c3 36.Rxg6+ Kh8 37.Rgxf6 c2
38.Rh6+  1/2-1/2

[Event "Manila ol (Men)"]
[Site "Manila"]
[Date "1992.??.??"]
[Round "?"]
[White "Geenen, Marc"]
[Black "Zilberman, Nathan R"]
[Result "0-1"]
[WhiteElo "2340"]
[BlackElo "2400"]

1.e4 g6 2.d4 Bg7 3.Nc3 c6 4.Bc4 d6 5.Qf3 e6 6.Nge2 b5 7.Bb3 a5 8.a4 b4 9.Nd1 Ba6
10.Be3 d5 11.exd5 cxd5 12.c4 Ne7 13.cxd5 Nxd5 14.Rc1 O-O 15.Bxd5 exd5 16.b3 Re8
17.O-O Nd7 18.Re1 Nf6 19.Nb2 Ne4 20.Nf4 Ra7 21.Nfd3 Rae7 22.Ne5 Bxe5 23.dxe5 Rxe5
24.Red1 Nc3 25.Nd3 Rf5 26.Qh3 Bxd3 27.Rxd3 d4 28.Ra1 Qe7 29.Bd2 Ne2+ 30.Kf1 Nf4
31.Qf3 Nxg2 32.Qxf5 gxf5 33.Rg3+ Kh8 34.Kxg2 f4 35.Rg4 Qe4+ 36.Kf1 f5 37.Rg5 h6
38.Rg6 Kh7 39.Rg2 f3 40.Rg3 Qe2+  0-1

[Event "Manila ol (Women)"]
[Site "Manila"]
[Date "1992.??.??"]
[Round "?"]
[White "Sziva, Erika"]
[Black "Matveeva, Svetlana"]
[Result "0-1"]
[WhiteElo "2245"]
[BlackElo "2425"]

1.e4 g6 2.d4 Bg7 3.Nc3 c6 4.f4 d5 5.e5 Nh6 6.Nf3 Bg4 7.Bd3 f6 8.h3 Bxf3 9.Qxf3 O-O
10.exf6 Bxf6 11.Ne2 e5 12.dxe5 Bxe5 13.Qe3 Bg7 14.O-O Nd7 15.Bd2 Qc7 16.Bc3 Bxc3
17.Nxc3 Qd6 18.Qd2 Nc5 19.Be2 Nf5 20.Bg4 Ng3 21.Rf3 Nge4 22.Nxe4 Nxe4 23.Qd4 h5
24.Re3 Rxf4 25.Rae1 Ng5 26.Re8+ Rxe8 27.Rxe8+ Kf7 28.Qh8 hxg4 29.Qg8+ Kf6
30.Qh8+ Kf5 31.hxg4+ Kxg4  0-1